00432 2200169 4500001002100000008004100021035002000062245003400082100001900116260003100135300002100166020002200187084001400209082000800223650001700231990001400248INLIS000000000000543 ind  a0010-0825000077 aRatu MenyontekcTeresa Bertha aBertha, Teresa aJakarta :bGramedia,c2015 a200 hlm.c20 cm. a978-602-03-2275-9 a895 BER r a895 aFiksi Remaja a000000713